| 000 | 00680nam a22002057a 4500 | ||
|---|---|---|---|
| 999 |
_c57744 _d57744 |
||
| 005 | 20201109130304.0 | ||
| 008 | 201021s2010 enk||||| |||| 00| 0 eng d | ||
| 020 | _a9780194594585 | ||
| 041 | _aeng | ||
| 080 | _a811.111.1 O-97 | ||
| 100 |
_aOxenden, Clive _99651 |
||
| 245 |
_aNew English File : _bAdvanced Student Book / _c Clive Oxenden, Christina Latham-Koenig. |
||
| 264 |
_aOxford : _bOxford University Press, _c2010 |
||
| 300 |
_a167 p. _b30 cm. |
||
| 521 | _a+3 cd | ||
| 653 | _aინგლისური ენა | ||
| 653 | _aმასწავლებლის წიგნი | ||
| 700 |
_aChristina Latham-Koenig _eავტორი _99654 |
||
| 942 |
_2udc _cBK |
||